00826 2200313 4500001002100000005001500021035002000036007000300056040001700059100002600076245003500102250001400137300003500151020002200186041000800208082001000216084001700226090002100243264003400264336002100298337003000319338002300349600000900372700003600381850001000417008004100427990002200468990002200490INLIS00000000000972820260414033313 a0010-0123000055ta aSBPUPADbind0 aHelena OliePengarang1 aPublic Speaking /cHelena Olii a--Cet. 3. axi, 143 hlm. :bilus. ;c25 cm a30.014/B/DPK/2018 aind a302.2 a302.2 HEL p a302.2 HEL p 7-3 a--Jakarta :bPT Indeks,c2008 2rdacontentaTeks 2rdamediaatanpa perantara 2rdacarrieravolume 4aUmum aeditor, Dedy mulyanaePengarang aPUPAD260414 0  a26.203/H/DPK/2017 a26.202/H/DPK/2017